000 00600nam a22001817a 4500
005 20231009124741.0
010 _aUR-12313
020 _a9789350078322
_c160.00
035 _aU-10868
037 _bDBAD/PUB
082 _a910.03
245 _aجغرافیہ کی لغت اسکولوں کے لیے (سہ لسانی)
246 _aDictionary of Geography for schools (Trilingual)
260 _aNew Delhi
_bNCERT
_c2017 ء
270 _aPublication Division, Sri Aurobindo Marg
_bNew Delhi
_e1100016
300 _a149 ص
_c28cm(pbk)
942 _2ddc
_cUR
_h910.03
_mج غ ر
_e
999 _c198744
_d198744